000 00859nam a22002297a 4500
005 20230607023359.0
008 230109b |||||||| |||| 00| 0 eng d
020 _a978-971-30-1318-7
082 _aFil. 001.42 D346 2012
100 _aDe Leon, Sonia Y.
_eauthor
245 _aTerm paper and scientific writing:
_bwith guideline for research methods and thesis /
_cSonia Y. De Leon, Virginia Serraon-Claudio, Adela Jamorado-Ruiz
250 _a4th ed.
260 _aManila:
_bMerriam & Webster Book Store,
_cc2012.
300 _axviii, 296p.;
_bill.
504 _aIncludes bibliographical references and bibliographies
505 _aContents: Part 1 - Term Paper Part 2 - Research and Scientific Writing
541 _e4116
650 _aResearch
650 _aThesis
700 _aClaudio, Virginia S.
_eauthor
700 _aRuiz, Adela J.
_eauthor
999 _c494
_d494